LEADER 03677oam 2200517 450 001 9910160278403321 005 20210427122738.0 010 $a1-292-13899-8 010 $a1-292-01657-4 035 $a(CKB)3710000001025912 035 $a(MiAaPQ)EBC5175910 035 $a(MiAaPQ)EBC5175067 035 $a(MiAaPQ)EBC5832602 035 $a(MiAaPQ)EBC5138670 035 $a(MiAaPQ)EBC6399634 035 $a(Au-PeEL)EBL5138670 035 $a(OCoLC)969437108 035 $a(EXLCZ)993710000001025912 100 $a20210427d2016 uy 0 101 0 $aeng 135 $aurcnu|||||||| 181 $2rdacontent 182 $2rdamedia 183 $2rdacarrier 200 10$aOrganizational behaviour /$fStephen P. Robbins, Timothy Judge, Timothy Campbell 205 $aSecond edition. 210 1$aHarlow, England :$cPearson Education Limited,$d[2016] 210 4$d©2016 215 $a1 online resource (591 pages) $cillustrations (some color) 300 $aIncludes index. 311 $a1-292-01655-8 327 $aPreface -- Acknowledgements -- Publisher's acknowledgements -- What is organizational behaviour? -- Diversity in organizations -- Attitudes and job satisfaction -- Personality and values -- Perception, individual decision making and creativity -- Motivation concepts -- Motivation : from concepts to applications -- Emotions and moods -- Foundations of group behaviour -- Understanding work teams -- Communication -- Leadership -- Power and politics -- Conflict and negotiation -- Foundations of organization structure -- Organizational culture -- Human resource policies and practices -- Organizational change and stress management -- Endnotes -- Glossary -- Indexes. 330 $aThis second European edition of this classic textbook brings the exceptional introduction to organizational behaviour written by the masters of the subject, and adapts it to meet the needs of students studying in Europe today. Fully updated and revised, this adaptation continues the tradition of making current, relevant research come alive for students, while maintaining its hallmark features - clear writing style, cutting-edge content and compelling pedagogy.   This new edition offers real-life examples drawn from a global range of organizations including Google, Cadbury, Apple, Capital One, Microsoft, Lego, Ferrari and more, plus up-to-date insights into the latest research and hot topics from across the world.   Key features include: 'Myth or science?' boxes, which provide repeated evidence that common sense can often lead us astray in the attempt to understand human behaviour, and that behavioural research offers a means for testing the validity of common-sense notions. 'OB in the news' which prepares students to recognise and evaluate OB issues which often appear in the news when presented with them in newspapers, magazines, TV, etc. 'Face the facts': these boxes highlight interesting facts from recent surveys that emphasise key aspects of the text. For example, diversity across Europe, the extent of employee engagement, and the popularity of working in teams.     "As a whole, the content of the book is strong, and is well-structured with a European focus." Mohammad Lafiti, Uppsala University, Sweden. 606 $aOrganizational behavior 615 0$aOrganizational behavior. 676 $a658.3 700 $aRobbins$b Stephen P.$f1943-$0107507 702 $aJudge$b Tim 702 $aCampbell$b Timothy T. 801 0$bMiAaPQ 801 1$bMiAaPQ 801 2$bUtOrBLW 906 $aBOOK 912 $a9910160278403321 996 $aOrganizational behaviour$92793935 997 $aUNINA LEADER 03282oam 22007695 450 001 9910791243403321 005 20200520144314.0 010 $a1-282-65750-X 010 $a9786612657504 010 $a0-8213-8362-0 024 7 $a10.1596/978-0-8213-8360-5 035 $a(CKB)2560000000012955 035 $a(EBL)589792 035 $a(OCoLC)625046033 035 $a(SSID)ssj0000410019 035 $a(PQKBManifestationID)11264539 035 $a(PQKBTitleCode)TC0000410019 035 $a(PQKBWorkID)10349461 035 $a(PQKB)10517356 035 $a(MiAaPQ)EBC589792 035 $a(Au-PeEL)EBL589792 035 $a(CaPaEBR)ebr10383962 035 $a(CaONFJC)MIL265750 035 $a(The World Bank)ocn606779611 035 $a(US-djbf)16263256 035 $a(EXLCZ)992560000000012955 100 $a20100602d2010 uf 0 101 0 $aeng 135 $aurcn||||||||| 181 $ctxt$2rdacontent 182 $cc$2rdamedia 183 $acr$2rdacarrier 200 10$aMigrant remittance flows : $efindings from a global survey of central banks /$fJacqueline Irving, Sanket Mohapatra, Dilip Ratha 210 1$aWashington, D.C. :$cWorld Bank,$d2010. 215 $aix, 72 pages $ccharts ;$d26 cm 225 1 $aWorld Bank working paper,$x1726-5878 ;$vno. 194 300 $aDescription based upon print version of record. 311 $a0-8213-8360-4 320 $aIncludes bibliographical references (p. 24). 327 $aCover; Title; Copyright; CONTENTS; Abstract; Foreword; Acknowledgments; Acronyms and Abbreviations; CHAPTER 1 Introduction and Main Findings; CHAPTER 2 Findings from the Survey; CHAPTER 3 Policy Implications; References; Appendixes; Back Cover 330 $aDrawing on the findings from responses to a survey conducted in 2008-09 from 114 central banks worldwide (of which 33 are in Africa), Migrant Remittance Flows aims to better understand how central banks and other national institutions regulate and collect data and other information on cross-border remittance flows. Findings indicate that, although the vast majority of countries, in both sending and receiving countries, collect data on remittances, and 43 percent of receiving countries estimate informal remittances, there is a need for more frequent and better coordinated data collection, both 410 0$aWorld Bank e-Library. 410 0$aWorld Bank working paper ;$vno. 194. 606 $aEmigrant remittances 606 $aEmigration and immigration$xEconomic aspects 606 $aEmigration and immigration$xEconomic aspects$vStatistics 606 $aBanks and banking, Central$vStatistics 615 0$aEmigrant remittances. 615 0$aEmigration and immigration$xEconomic aspects. 615 0$aEmigration and immigration$xEconomic aspects 615 0$aBanks and banking, Central 676 $a332/.04246 700 $aIrving$b Jacqueline$01522854 701 $aMohapatra$b Sanket$f1975-$01503402 701 $aRatha$b Dilip$01471228 801 0$bBTCTA 801 1$bBTCTA 801 2$bYDXCP 801 2$bCDX 801 2$bDGU 801 2$bTJC 801 2$bBWX 801 2$bDLC 906 $aBOOK 912 $a9910791243403321 996 $aMigrant remittance flows$93762767 997 $aUNINA